Guillermo de Ockham, O.F.M: el nominalismo y su irrupción en la Universidad de París
Salvato in:
| Autore principale: | |
|---|---|
| Natura: | Libro |
| Lingua: | spagnolo |
| Pubblicazione: |
Bogotá
Siglo del Hombre
2010
|
| Edizione: | 1a. ed |
| Serie: | Biblioteca Universitaria: Ciencias Sociales y Humanidades
Filosofía |
| Soggetti: | |
| Tags: |
Aggiungi Tag
Nessun Tag, puoi essere il primo ad aggiungerne!!
|
MARC
| LEADER | 00000cam a2200000 a 4500 | ||
|---|---|---|---|
| 001 | UCG4507 | ||
| 003 | CL-VaPUC | ||
| 008 | 101104e20100000CK |||||||||||||||||spa|d | ||
| 020 | |a 9789586651530 | ||
| 082 | 0 | 4 | |a 149.1 |b GRA |2 21 |
| 100 | 0 | |a Gracia Ortiz, Diego Alejandro |e author |9 553811 | |
| 245 | 1 | 0 | |a Guillermo de Ockham, O.F.M: el nominalismo y su irrupción en la Universidad de París |
| 250 | |a 1a. ed | ||
| 300 | |a 247 p | ||
| 942 | |c BK | ||
| 945 | |d 20101104 00:00:00 |a mfarfan | ||
| 260 | |a Bogotá |b Siglo del Hombre |c 2010 | ||
| 650 | 0 | |a Crítica e interpretación |9 255042 | |
| 650 | 0 | |a Filosofía medieval |9 256245 | |
| 650 | 7 | |a FILOSOFIA SIGLO 13 |2 CL-VaPUC |9 553812 | |
| 650 | 7 | |a FE Y RAZON |2 CL-VaPUC |9 553813 | |
| 650 | 0 | |a Nominalismo |9 392109 | |
| 583 | |a last modification |c 20160817 03:48:54 |k Rodrigo Vera | ||
| 490 | 0 | |a Biblioteca Universitaria: Ciencias Sociales y Humanidades | |
| 490 | 0 | |a Filosofía | |
| 999 | |c 343209 |d 343207 | ||
| 952 | |0 0 |1 0 |4 0 |6 149_100000000000000_GRA_2010 |7 0 |8 A |9 440308 |a BIBEDU |b BIBEDU |d 2019-11-22 |i 4731948 |o 149.1 GRA 2010 |p 4731948 |r 2019-11-22 |w 2019-11-22 |y BK |k FIL | ||
| 952 | |0 0 |1 0 |4 0 |6 149_100000000000000_GRA_2010 |7 0 |8 A |9 440309 |a BIBEDU |b BIBEDU |d 2019-11-22 |i 4903196 |o 149.1 GRA 2010 |p 4903196 |r 2019-11-22 |w 2019-11-22 |y BK |k FIL | ||
| 952 | |0 0 |1 0 |3 erb |4 0 |6 149_100000000000000_GRA_2010 |7 0 |8 A |9 440310 |a BIBTEO |b BIBTEO |i 5453399 |o 149.1 GRA 2010 |p 5453399 |r 2025-01-17 |w 2019-11-22 |y BK |z Catalogado en:20180309 |k ICR | ||